| 000 | 00769nam a22002532a 4500 | ||
|---|---|---|---|
| 001 | 45709 | ||
| 003 | BD-RjUL | ||
| 005 | 20211209054045.0 | ||
| 008 | 160727s1965 enk 000 0 eng d | ||
| 035 |
_aOCLC ocm09124070 from D950216M _a(BD-RjUL)45827 |
||
| 040 |
_aSOI _cSOI _dUKM _dEQO _dBD-RjUL _beng |
||
| 041 | _aeng | ||
| 082 |
_a792.069 _bBLM 1965 |
||
| 100 | 1 |
_aBlakelock, Denys. _9139847 |
|
| 245 | 1 | 0 |
_aMaking the stage your career / _cDenys Blakelock. |
| 260 |
_aLondon : _bW. & G. Foyle, _c1965 |
||
| 300 |
_a82 p.: _bill. ; _c17 cm. |
||
| 490 | _aFoyles career handbooks | ||
| 504 | _aBibliography: p. 77-80 | ||
| 650 | 0 |
_aTheater _xVocational guidance _9139848 |
|
| 650 | 0 |
_aActing _9139849 |
|
| 830 | 0 |
_aFoyles career handbooks _9139850 |
|
| 942 |
_2ddc _cBK |
||
| 999 |
_c45709 _d45709 |
||